Statistics for Sean Paul Charting Songs (Billboard Hot 100)

Click here to take the quiz!

General Stats

  • This quiz has been taken 39 times
  • The average score is 7 of 18

Answer Stats

AlbumWeeks OnPeakArtist(s)Song% Correct
The Trinity31 Weeks#1 (1 Week)Sean PaulTemperature
81%
Dangerously in Love29 Weeks#1 (9 Weeks)Beyonce ft. Sean PaulBaby Boy
73%
This is Acting52 Weeks#1 (4 Weeks)Sia ft. Sean PaulCheap Thrills
69%
Dutty Rock32 Weeks#1 (3 Weeks)Sean PaulGet Busy
62%
What is Love?27 Weeks#9Clean Bandit ft. Sean Paul & Anne-MarieRockabye
62%
The Trinity28 Weeks#6Sean PaulWe Be Burnin'
38%
Dutty Rock20 Weeks#13Sean PaulLike Glue
35%
Planet Pit2 Weeks#69Pitbull ft. T-Pain & Sean PaulShake Senora
35%
Tomahawk Technique1 Week#72Sean PaulShe Doesn't Mind
35%
Bittersweet20 Weeks#70Blu Cantrell ft. Sean PaulBreathe
31%
All or Nothing20 Weeks#10Jay Sean ft. Sean Paul & Lil JonDo You Remember
31%
Dutty Rock39 Weeks#7Sean PaulGimme the Light
31%
Tomahawk Technique6 Weeks#84Sean Paul ft. Alexis JordanGot 2 Luv U
31%
Dutty Rock25 Weeks#14Sean Paul ft. SashaI'm Still in Love with You
31%
A Girl Like Me20 Weeks#9Rihanna & Sean PaulBreak It Off
27%
Imperial Blaze9 Weeks#50Sean PaulSo Fine
19%
Non-Album Single9 Weeks#81Enrique Iglesias ft. Descemer Bueno & Zion & Lennox or Sean PaulSubeme La Radio
12%
The Trinity and Step Up22 Weeks#3Sean Paul ft. Keyshia Cole(When You Gonna) Give It Up to Me
12%

Score Distribution

Percentile by Number Answered

Percent of People with Each Score

Your Score History

You have not taken this quiz